| 000 | 01023nam a22003257a 4500 | ||
|---|---|---|---|
| 003 | CHAP | ||
| 005 | 20220329133552.0 | ||
| 008 | 971013s1993 r 00010 d | ||
| 010 | _a8003 | ||
| 011 | _a8975 | ||
| 035 | _a8209 | ||
| 040 | _cCHAP | ||
| 090 | _aTesis | ||
| 100 | 0 | 0 |
_aBarrios Robles, Adolfo P. _910534 |
| 245 | _aAnálisis econométrico del mercado de la guayaba en México | ||
| 260 | _c1993 | ||
| 300 | _a122 h. | ||
| 502 | _aTesis (Ing. Agr. Esp. en Economía Agrícola) -- UACH. Departamento de Economía Agrícola | ||
| 590 |
_aALEPH _b10 _c20130110 _lUCH01 _h1221 |
||
| 590 |
_aBATCH-UPD _b10 _c20130110 _lUCH01 _h0045 |
||
| 590 |
_aBATCH-UPD _b10 _c20130110 _lUCH01 _h1738 |
||
| 590 |
_aBATCH-UPD _b10 _c20130410 _lUCH01 _h1117 |
||
| 590 |
_aBATCH-UPD _b10 _c20130914 _lUCH01 _h0542 |
||
| 590 |
_aCONVERSION _b10 _c20130109 _lUCH01 _h1305 |
||
| 650 | 1 | 4 |
_aEconometría. _935201 |
| 650 | 1 | 4 |
_aGuayaba _xMercadeo. _951055 |
| 901 | _aBK | ||
| 942 | _cTESIS | ||
| 949 |
_bBC _cTES _d-18383 _eTS1 _h26035 _i8209 _si |
||
| 999 |
_c8003 _d8003 |
||